Cargando…
Coronación /
| Clasificación: | AC75 B5.7 n.65 |
|---|---|
| Autor principal: | |
| Otros Autores: | |
| Formato: | Libro |
| Idioma: | Español |
| Publicado: |
Estella, Esp. :
Salvat,
1970
|
| Colección: | Biblioteca Básica Salvat ;
65 |
MARC
| LEADER | 00000nam a2900000 4500 | ||
|---|---|---|---|
| 001 | 000014913 | ||
| 005 | 20061219222000.0 | ||
| 008 | 010204s1970 000 spa d | ||
| 050 | 4 | |a AC75 B5.7 |b n.65 | |
| 090 | |a AC75 B5.7 |b n.65 | ||
| 100 | 1 | |a Donoso, José, |d 1924- | |
| 245 | 1 | |a Coronación / |c Pról. Pere Gimferrer | |
| 260 | |a Estella, Esp. : |b Salvat, |c 1970 | ||
| 300 | |a 183 p. | ||
| 440 | 0 | |a Biblioteca Básica Salvat ; |v 65 | |
| 700 | 1 | |a Pról. Pere Gimferrer | |
| 905 | |a LIBROS | ||
| 902 | |a Juan Pascual García L. | ||
| 949 | |a Biblioteca UAM Iztapalapa |b Colección General |c AC75 B5.7 n.65 | ||